| 000 | 01080nam a2200277Ia 4500 | ||
|---|---|---|---|
| 003 | OSt | ||
| 005 | 20221005104247.0 | ||
| 006 | a|||||r|||| 00| 0 | ||
| 007 | ta | ||
| 008 | 221004b |||||||| |||| 00| 0 hin d | ||
| 020 |
_a9788123025889 (pbk) _cINR 210.00 |
||
| 024 | _a43393 | ||
| 037 |
_b319, 11/03/2019, Eastern Book Linkers _cTextual |
||
| 040 |
_aCRL _cCRL _bhin |
||
| 041 |
_2hin _ahin |
||
| 082 | _aV2:2.P, 152Q7 | ||
| 100 | _aकाशयप, सुभाष, ले. | ||
| 245 | 0 | _aभारतीय संविधान और आम आदमी | |
| 246 | _aBhāratīya sanvidhān aur ām ādamī | ||
| 250 | _aसंस्करण 2 | ||
| 260 |
_aदिल्ली _bप्रकाशन विभाग सूचना और प्रसारण मंत्रालय भारत _c2017 |
||
| 300 |
_a343पृ0 _ccm. |
||
| 650 |
_aभारत-इतिहास _9156353 |
||
| 942 |
_hV2:2.P, 152Q7 _cTEXL _2cc |
||
| 999 |
_c1012179 _d1012179 |
||